| 000 | 01436cam a2200385 a 4500 | ||
|---|---|---|---|
| 001 | 14848815 | ||
| 005 | 20081016172101.0 | ||
| 008 | 070514s2008 nyua b 001 0 eng c | ||
| 010 | _a 2007928814 | ||
| 015 |
_aGBA768508 _2bnb |
||
| 016 | 7 |
_a013828734 _2Uk |
|
| 020 | _a9780387726274 (hbk.) | ||
| 020 | _a0387726276 (hbk.) | ||
| 035 | _a(OCoLC)ocn237289920 | ||
| 040 |
_aCOO _cCOO _dCDX _dBAKER _dMUQ _dDLC |
||
| 042 | _apcc | ||
| 050 | 0 | 0 |
_aQD381.9.O66 _bS29 2008 |
| 082 |
_222 _a620.19204295 _bSAW |
||
| 100 | 1 |
_aSawyer, Linda C., _d1944- _93892 |
|
| 245 | 1 | 0 |
_aPolymer microscopy / _cLinda C. Sawyer, David T. Grubb. |
| 250 |
_a3rd ed. / _bGregory F. Meyers. |
||
| 260 |
_aNew York : _bSpringer, _cc2008. |
||
| 300 |
_axiv, 540 p. : _bill. (some col.) ; _c27 cm. |
||
| 500 | _aPrevious ed.: London : Chapman & Hall, 1996. | ||
| 504 | _aIncludes bibliographical references and index. | ||
| 650 | 0 |
_aPolymers _xOptical properties. _93893 |
|
| 650 | 0 |
_aPolymers _xSurfaces. _93894 |
|
| 650 | 0 |
_aPolymers _xMicroscopy. _93895 |
|
| 700 | 1 |
_aGrubb, David T., _d1945- _93896 |
|
| 700 | 1 |
_aMeyers, Gregory Frederick, _d1957- _93897 |
|
| 942 |
_2ddc _cBB |
||
| 999 |
_c11341 _d11341 |
||